00851nam a22002657a 45000010008000000030004000080050017000120080041000290100017000700200024000870400028001110500022001391000020001612450127001812600059003083000034003675040039004016500022004406500021004626500018004836500018005016500019005196500009005387000038005471860607OSt20240523064430.0240523b |||||||| |||| 00| 0 eng d a 82014719  a0443016593 (pbk.) : aKMUcKMUdKMUbengeRDA10aRC556b.B333 19831 aBancroft, John.10aHuman sexuality and its problems /cJohn Bancroft ; with the assistance of Philip Myerscough ; foreword by Gunter Schmidt. aEdinburgh ;aNew York :bChurchill Livingstone,c1983. axii, 447 p. :bill. ;c24 cm. aIncludes bibliographies and index. 0aSexual disorders. 0aSex (Psychology) 0aSex (Biology) 2aSex behavior. 2aSex disorders. 2aSex.1 aMyerscough, P. R.q(Philip Roger)